000
00283 a2200121 4500
001
64340
082
_a
531 BAR
090
_c
37975
_d
37975
100
_a
Barger V
245
_a
Classical Mechanics: A Modern Perspective
_n
v 42
260
_a
NY
_b
McGraw-Hill
_c
1973
300
_a
305 p
942
_a
NUST-CAE
_k
531 BAR
999
_c
299413
_d
299413